000 00812nam a22002657a 4500
005 20170124110255.0
010 _aA-371424
020 _c100.00
035 _aA-371424
037 _bCen Lib/Ret
040 _aDPL
_bEN
082 _a658.4034
_bBUD
100 _aBudnick, Frank S.
_926514
245 _aPrinciples of operations research for management /
_cby Frank S. Budnick, Dennis Mcleavey [and] Richard Mojena
250 _a2nd ed
260 _aNew York
_bRichard D. Irwin, Inc
_c1988
270 _bNew York
300 _axx, 988p.
_c21cm(Hb)
500 _aIncludes index
650 _aResearch management
_926515
650 _aOperations, process
_926516
700 _aMcleavey, Dennis
_926517
700 _aMojena, Richard
_926518
942 _2ddc
_cEN
_h658.4034
_mBUD
999 _c136193
_d136193